000 00256nam a2200097Ia 4500
001 644289
005 20250826153602.0
008 250824s9999 xx 000 0 und d
245 0 _aAL YÜREĞİM SENİN OLSUN
_cAHMED GÜNBAY YILDIZ
260 _bTİMAŞ KÜLTÜR
999 _c644289
_d644289